| 000 | 00531nam a22001937a 4500 | ||
|---|---|---|---|
| 003 | MPLRDC | ||
| 005 | 20220105061139.0 | ||
| 008 | 210129b ||||| |||| 00| 0 eng d | ||
| 020 | _a978-986-5824-80-8 | ||
| 082 | _a947.413 ABYL v.18 | ||
| 100 | _a安倍夜郎 ABE YARO | ||
| 245 |
_a深夜食堂(18) _c丁世佳 译 |
||
| 250 | _a初版一刷 | ||
| 260 |
_a台湾 _b新经典图文传播有限公司 _c2017 |
||
| 300 | _b平 | ||
| 520 | _a新书上架 2018-03-01。 | ||
| 650 | _a漫画 | ||
| 942 |
_cBK _o947.413 ABYL v.18 |
||
| 999 |
_c69515 _d69505 |
||